=LDR 00000nam 2200000 4500 =001 INLIS000000000044664 =005 20131008110420 =008 ***********************************Ind** =035 ##$$0010-101300000002586 =041 ##$$a Ind =082 ##$$a 813 =090 ##$$a 813 , Tji b =100 ##$$a Tjiuanata, Irena =245 ##$$a The Bridesmaid's Story , Irena Tjiunata =260 ##$$a 2010 $b Jakarta =300 ##$$a 288 hal. , 20 cm =850 ##$$a NBPNMAT =990 ##$$a 21400613/BPAP-NTB/20142014 =990 ##$$a 0001/BPAP-NTB/2016